000 00976cam a2200277 i 4500
999 _c7896
_d7896
001 790711
003 GBCCL
005 20241126110639.0
008 751105s1975 enk b 001 0 eng
010 _a 74080355
020 _a0521205050.
_a052109870X
040 _aDLC
_cDLC
_dDLC
050 0 0 _aBS1560
_b.W355
082 0 0 _a224.9077
_bWAT
130 0 _aBible.
_pMinor prophets.
_lEnglish.
_sNew English.
_f1975.
_913770
245 1 4 _aThe books of Joel, Obadiah, Jonah, Nahum, Habakkuk, and Zephaniah /
_ccommentary by John D. W. Watts.
260 _aCambridge, [Eng.] ;
_aNew York :
_bCambridge University Press,
_c1975.
300 _ax, 190 p. ;
_c22 cm.
440 4 _aThe Cambridge Bible commentary, New English Bible
_912755
500 _aIncludes index.
504 _aBibliography: p. 186.
630 0 0 _aBible.
_pMinor Prophets
_xCommentaries.
_911975
700 1 _aWatts, John D. W.
_913771
906 _a7
_bcbc
_corignew
_d2
_eopcn
_f19
_gy-gencatlg
942 _2ddc
_cBK
_020